000 00452nam a2200157 4500
001 123417
003 ES-MaACL
005 20230906192153.0
007 t|
008 070214s1911 fr r ||||1| fre d
100 1 _aQueyrat, Frédéric.
_994604
245 1 3 _aLa curiosité
_b: etude de psychologie apliquée /
_cpar Frédéric Queyrat.
260 _aParis :
_bFélix Alcan,
_c1911.
300 _aVII, 141 p. ;
_c19 cm.
852 _aES-MaACL
_jF-11672
999 _c123417
_d123417